Richest African Countries by Decade - Statistics

General Stats
  • This quiz has been taken 37 times
  • The average score is 62 of 70
Answer Stats
Decade Nominal GDP per Capita (USD) African Country % Correct
1960 $240 Mauritius
100%
1980 $1,187 Mauritius
100%
1990 $2,540 Mauritius
100%
2000 $3,982 Mauritius
100%
2010 $8,000 Mauritius
100%
2020 $9,011 Mauritius
100%
1960 $238 Algeria
97%
1970 $353 Algeria
97%
1980 $2,276 Algeria
97%
1990 $2,445 Algeria
97%
2000 $1,773 Algeria
97%
2010 $4,913 Algeria
97%
2020 $3,744 Algeria
97%
1960 $288 Seychelles
97%
1970 $344 Seychelles
97%
1980 $2,478 Seychelles
97%
1990 $5,642 Seychelles
97%
2000 $8,064 Seychelles
97%
2010 $10,935 Seychelles
97%
2020 $14,042 Seychelles
97%
1960 $532 South Africa
97%
1970 $952 South Africa
97%
1980 $3,029 South Africa
97%
1990 $3,094 South Africa
97%
2000 $3,218 South Africa
97%
2010 $7,974 South Africa
97%
2020 $5,581 South Africa
97%
1960 $269 Libya
91%
1970 $2,210 Libya
91%
1980 $11,960 Libya
91%
1990 $6,502 Libya
91%
2000 $7,214 Libya
91%
2010 $11,601 Libya
91%
2020 $6,650 Libya
91%
1980 $2,468 Namibia
91%
1990 $2,038 Namibia
91%
2000 $2,157 Namibia
91%
2010 $5,418 Namibia
91%
2020 $3,879 Namibia
91%
1990 $2,903 Botswana
89%
2000 $3,451 Botswana
89%
2010 $6,216 Botswana
89%
2020 $6,323 Botswana
89%
1970 $479 São Tomé and Príncipe
89%
1960 $276 Zimbabwe
89%
1970 $361 Zimbabwe
89%
1980 $1,324 Tunisia
86%
1990 $1,476 Tunisia
86%
2000 $2,199 Tunisia
86%
2010 $4,292 Tunisia
86%
2020 $3,549 Tunisia
86%
1960 $222 Zambia
86%
1970 $414 Zambia
86%
1960 $300 Senegal
80%
1960 $275 Tanzania
80%
1960 $276 Gabon
74%
1970 $543 Gabon
74%
1980 $5,719 Gabon
74%
1990 $6,051 Gabon
74%
2000 $3,983 Gabon
74%
2010 $8,357 Gabon
74%
2020 $6,606 Gabon
74%
1970 $753 Guinea
74%
1980 $1,931 Guinea
74%
1980 $1,238 Côte d'Ivoire
69%
2010 $13,720 Equatorial Guinea
69%
2020 $5,764 Equatorial Guinea
69%
1970 $350 Guinea-Bissau
66%
1990 $1,278 Eswatini
57%
2000 $1,669 Eswatini
57%
No matching quizzes found
Score Distribution
Percent of People with Each Score
Percentile by Number Answered
Your Score History
You have not taken this quiz